Beilstein Handbook of Organic Chemistry.Compound-Name Index for Volumes 17-19 D-M

Salvato in:
Dettagli Bibliografici
Natura: Libro
Pubblicazione: Berlin : Springer Verlag, 1989
Edizione:4.Edition
Tags: Aggiungi Tag
Nessun Tag, puoi essere il primo ad aggiungerne!!

MARC

LEADER 00000nam a22000003a 4500
001 stu16313
005 20150408181609.3
008 ------s1989----gw----------------------d
040 |a STU  |b slo 
041 0
044 |a gw 
080 |a 547.1 
245 |a Beilstein Handbook of Organic Chemistry.Compound-Name Index for Volumes 17-19 D-M 
250 |a 4.Edition 
260 |a Berlin :  |b Springer Verlag,  |c 1989 
300 |a 965/2048 
996 |b C85985  |c C*85985  |l CCI  |s A  |a 24  |w stu16313_0001